000 00933 a2200241 4500
005 20080829123455.0
008 080829t xxu||||| |||| 00| 0 eng d
010 _aENG-87411
020 _a8131302514
_c595.00
035 _aEN-70944
037 _bD.B.Act / Pub
082 _a639.8
100 _aPandey, B. N.
245 _aAquaculture
_cby B. N. Pandey, Sadhana Deshpande and P. N. Pandey
260 _aNew Delhi
_bA. P. H. Publishing
_c2007
270 _a4435-36/7, Ansari Road, Darya Ganj
_bNew Delhi
_e110002
_k011-23274050
_m aphbooks@vsnl.net
300 _axvi, 236 p.
_c21 cm. (Hb).
500 _aIncludes bibliographical references
700 _aDeshpande, Sadhana
700 _aPandey, P. N.
942 _adpl
_cEN
_k639.8 / PAN
_2ddc
_h639.8
_mPAN
999 _c6510
_d6510